000 01361cam a2200337 i 4500
001 28109
003 Mx-PuUPA
005 20251006095122.0
008 140415s1991 mx gr 000 0 spa d
040 _cMx-PuUPA
_aMx-PuUPA
_bspa
_dMx-PuUPA
_erda
041 1 _aspa
_heng
100 1 _aMandel, Ernest,
_d1923-1995
_917468
_eautor
240 1 4 _aThe meaning of the Second World War.
_lEspañol
245 1 3 _aEl significado de la Segunda Guerra Mundial /
_cErnest Mandel ; traducciones, Berenice López García, Mechthild Rutsch
250 _aPrimera edición
264 2 _aMéxico, D.F. :
_bDistribuciones Fontamara,
_c1991
300 _a247 páginas ;
_c21 cm
336 _2rdacontent
_atexto
_btxt
337 _2rdamedia
_asin medio
_bn
338 _2rdacarrier
_avolumen
_bnc
490 0 _aColección Fontamara ;
_v119
650 7 _2armarc
_aGuerra Mundial,
_y1939-1945
_xAspectos morales y éticos
650 7 _2armarc
_aGuerra Mundial,
_y1939-1945
_xInfluencias y resultados
700 1 _aLópez García, Berenice,
_etraductor
700 1 _aRutsch, Mechthild,
_etraductor
765 0 _aMandel, Ernest, 1923-1995
_dLondres: Verso, ©1986
_tThe meaning of the Second World War.
942 _2ddc
_cLI
_h940.53
_iM2618
999 _c28109
_d28109